000 00675nam a22002177a 4500
003 BUBTL
008 221212b ||||| |||| 00| 0 eng d
020 _a9780451628039
082 _a292.13/ H1801m/ 1969
100 _95052
_aHamilton, Edith
245 _aMythology:
_bTimeless Tales of Gods and Heroes /
_cEdith Hamilton
250 _a1st Edn
260 _aNew Jersey:
_cc1969
300 _a416 p.:
_bills.;
_c23 cm.
500 _aIncludes Index
505 _aMythology, Timeless tales of Gods and heroes, Edith Hamilton, English
650 0 _91994
_aEnglish Literature
856 _k0
_l0
_yDownload
942 _2ddc
_cBK
999 _c6866
_d6866